Senior secondary school mathematics for class 12 / (Record no. 39501)

MARC details
000 -LEADER
fixed length control field 00741nam a22002297a 4500
005 - DATE AND TIME OF LATEST TRANSACTION
control field 20100805144659.0
010 ## - LCCN (DPL NO)
LC control number ENG-98414
020 ## - INTERNATIONAL STANDARD BOOK NUMBER
Terms of availability 275.00
International Standard Book Number 9788177099638
020 ## - INTERNATIONAL STANDARD BOOK NUMBER
Terms of availability 275.00
International Standard Book Number 8177099639
035 ## - SYSTEM CONTROL NUMBER
System control number EN-81947
037 ## - SOURCE OF ACQUISITION
Source of stock number/acquisition DBAD/PUB
082 ## - DEWEY DECIMAL CLASSIFICATION NUMBER
Classification number 510
100 ## - MAIN ENTRY--PERSONAL NAME
Personal name Aggarwal, R. S.
245 ## - TITLE STATEMENT
Title Senior secondary school mathematics for class 12 /
Statement of responsibility, etc by R. S. Aggarwal
250 ## - EDITION STATEMENT
Edition statement 12th ed.
260 ## - PUBLICATION, DISTRIBUTION, ETC. (IMPRINT)
Place of publication, distribution, etc New Delhi
Name of publisher, distributor, etc Bharti Bhawan
Date of publication, distribution, etc 2010
270 ## - ADDRESS
Address 4271/3 Ansari Road, Dariyaganj
City New Delhi
Postal code 110002
300 ## - PHYSICAL DESCRIPTION
Extent verious pegings
Other physical details 22cm (Pbk)
700 ## - ADDED ENTRY--PERSONAL NAME
9 (RLIN) 6809
942 ## - ADDED ENTRY ELEMENTS (KOHA)
Source of classification or shelving scheme Dewey Decimal Classification
Item type English Books
Classification part 510
Call number suffix AGG
Holdings
Withdrawn status Lost status Not for loan Collection code Home library Current library Date acquired Cost, normal purchase price Full call number Barcode Copy number Cost, replacement price Koha item type
    Not For Loan Non-fiction D.B.Act.Division D.B.Act.Division 05/08/2010 275.00 510 AGG EN-81947 1 275.00 English Books

© Delhi Public Library
Hit Counter
free hit counter